000 00494cam a2200181 a 4500
001 515679
005 20250604160807.0
008 860326s1986 nju 000 0 eng
020 _a0800714857
050 0 0 _aBT202
_b.B32 1986
082 0 0 _a232/.3
_219
100 1 _aBarker, William Pierson.
245 1 2 _aA Savior for all seasons /
_cWilliam P. Barker.
260 _aOld Tappan, N.J. :
_bF.H. Revell,
_cc1986.
300 _a191 p. ;
_c22 cm.
650 0 _aChristian life.
942 _2lcc
_cBK
_n0
999 _c6275
_d6275